Central Library OPAC University of Rajshahi

Fuzzy sets, fuzzy logic, fuzzy methods : (Record no. 57430)

MARC details
000 -LEADER
fixed length control field 00892nam a2200265 a 4500
001 - CONTROL NUMBER
control field 57430
003 - CONTROL NUMBER IDENTIFIER
rucl marc code BD-RjUL
005 - DATE AND TIME OF LATEST TRANSACTION
control field 20211209080519.0
008 - FIXED-LENGTH DATA ELEMENTS--GENERAL INFORMATION
fixed length control field 161210r19961995enk b 001 0 eng d
020 ## - INTERNATIONAL STANDARD BOOK NUMBER
International Standard Book Number 0471956368 (acidfree paper)
035 ## - SYSTEM CONTROL NUMBER
System control number (BD-RjUL)57554
040 ## - CATALOGING SOURCE
Original cataloging agency UkNcU
Transcribing agency UkNcU
Modifying agency BD-RjUL
-- DLC
Language of cataloging eng
041 1# - LANGUAGE CODE
Language code of text/sound track or separate title eng
Language code of original ger
082 00 - DEWEY DECIMAL CLASSIFICATION NUMBER
Classification number 511.3223
Edition number 23
Author mark and year BAF 1996
100 1# - MAIN ENTRY--PERSONAL NAME
Personal name Bandemer, Hans.
9 (RLIN) 170544
245 10 - TITLE STATEMENT
Title Fuzzy sets, fuzzy logic, fuzzy methods :
Remainder of title with applications /
Statement of responsibility, etc. Hans Bandemer, Siegfried Gottwald.
260 ## - PUBLICATION, DISTRIBUTION, ETC. (IMPRINT)
Place of publication, distribution, etc. Chichester ;
-- New York :
Name of publisher, distributor, etc. J. Wiley,
Date of publication, distribution, etc. c1995[Reprinted 1996]
300 ## - PHYSICAL DESCRIPTION
Pagination x, 239 p. :
Illustrations ill. ;
Size 24 cm.
504 ## - BIBLIOGRAPHY, ETC. NOTE
Bibliography, etc Includes bibliographical references (p. [217]-234) and index.
650 #0 - SUBJECT ADDED ENTRY--TOPICAL TERM
Topical term or geographic name as entry element Fuzzy sets.
9 (RLIN) 170545
Topical term or geographic name as entry element Fuzzy logic.
9 (RLIN) 170546
700 1# - ADDED ENTRY--PERSONAL NAME
Personal name Gottwald, Siegfried.
942 ## - ADDED ENTRY ELEMENTS (KOHA)
Source of classification or shelving scheme Dewey Decimal Classification
Koha item type Books
Holdings
Lost status Source of classification or shelving scheme Damaged status Not for loan Collection code Permanent Location Current Location Shelving location Date acquired Source of acquisition Cost, normal purchase price Total Checkouts Full call number Date last seen Copy number Koha item type
  Dewey Decimal Classification   Not For Loan Non-fiction Central Library, University of Rajshahi Central Library, University of Rajshahi Reading Room 27/04/1998 dhaka, paragon Enterprice ltd. 2894.00   511.3223 BAF 1996 10/12/2016 C-1 Books